000 00508nam a2200229Ia 4500
003 IT-RoPAU
008 120407s9999 xx 000 0 und d
040 _aIT-RoPAU
040 _cIT-RoPAU
041 _aita
100 _aJ. Rupert Geiselmann
245 _aGesù il Cristo.
250 _aBrescia
260 _aPaideia
260 _c1967
300 _c21 cm
490 _aBibliot. di cult. rel. ,12
490 _v1
600 _a2. v. il secondo vol. non esiste.
942 _cBK
999 _c17546
_d17546